Nom de célébrités par synonymes ou contraire #1 - Statistiques

Statistiques générales
  • Ce quiz a été pris 1 175 fois
  • Le résultat moyen est 17 sur 25
Statistiques - réponses
Synonyme Vrai nom % Correct
Vanessa Enfer Vanessa Paradis
99%
François Pays-Bas François Hollande
95%
Angelina Laide Angelina Jolie
94%
Julien Argenté Julien Doré
94%
Emmanuel Grand Emmanuel Petit
92%
Patrick Reine Patrick Roy
86%
Christophe Mochepetit Christophe Beaugrand
85%
Vin Gazole Vin Diesel
83%
Axelle Blue Axelle Red
82%
Peugeot Renaud
81%
Didier Unpré Didier Deschamps
78%
Serge Alpaga Serge Lama
78%
Jamel Troicaca Jamel Debbouze
73%
Didier Abeille Didier Bourdon
70%
Hélène Seperdit Hélène Ségara
68%
Alain Uncourt Alain Delon
67%
Patricia Brise Patricia Kaas
65%
Bernard Carpette Bernard Tapie
63%
Gérard Labretonne Gérard Lenorman
50%
Françoise Courageuse Françoise Hardy
42%
Mathilda June Mathilda May
42%
David Épia David Guetta
40%
Jean-Luc Lareligieuse Jean-Luc Lemoine
31%
Yves Gouverner Yves Rénier
20%
Hervé Molosse Hervé Mathoux
17%
Aucun quiz correspondant
Distribution des résultats
% des personnes avec chaque résultat
Percentile par nombre de réponses
Votre historique - résultats
Vous n’avez pas pris ce quiz